Word Chain - Lord of the Rings - Statistics

General Stats
  • This quiz has been taken 225 times
  • The average score is 10 of 20
Answer Stats
Hint Answer % Correct
White wizard who dwelt in Isengard Saruman
95%
Home of Elrond in Middle Earth; Imladris Rivendell
83%
Elven waybread originating from Melian the Maia Lembas
73%
The realm of Galadriel in Middle Earth Lothlórien
70%
Mysterious fellow who tamed Old Man Willow Tom Bombadil
67%
Home of Treebeard Fangorn Forest
66%
____ for mortal men doomed to die Nine
65%
Descendant of Ungoliant who dwells near Mordor Shelob
61%
The shards from this sword became Andúril Narsil
59%
Capital of Rohan Edoras
58%
Creature that crafted Glamdring and Orcrist Elf
51%
Woodland also known as Greenwood the Great Mirkwood
47%
Seven Seeing-stones where Sauron knew Aragorn Palantír
46%
The balrog that Gandalf battled in Khazad-dûm Durin's Bane
44%
Amon Sûl Weathertop
33%
Guard of the Citadel who befriended Pippin Beregond
17%
Southern province of Gondor ruled by Prince Imrahil Dol Amroth
12%
High clifftop where Théoden mustered the Rohirrim Dunharrow
12%
Town in Southfarthing where pipe-weed was grown Longbottom
9%
Ranger who led the Grey Company to Aragorn Halbarad
6%
No matching quizzes found
Score Distribution
Percent of People with Each Score
Percentile by Number Answered
Your Score History
You have not taken this quiz